Państwa które pokonują Czechy - Statystyki

Ogólne statystyki
  • Ten quiz został rozwiązany 83 razy
  • Średni wynik to 14 z 15
Statystyki odpowiedzi
Ranga Kategoria Państwa % Poprawnych
4 Najdłuższa granica z Austrią Niemcy / Włochy / Węgry
100%
4 Najczęściej odwiedzane przez Polaków Niemcy / Włochy / Wielka Brytania
100%
4 Najludniejsze państwo słowiańskie Rosja / Ukraina / Polska
100%
3 Najludniejsze państwo zaczynające się na literę C Chiny / Chile
99%
6 Najbliższe niegraniczące państwo do Słowenii Bośnia i Hercegowina / Niemcy / Słowacja / Serbia / San Marino
97%
4 Najlepsze państwo w hokeja Kanada / Rosja / Finlandia
97%
7 Najczęściej odwiedzane przez Andrzeja Dudę Niemcy / Stany Zjednoczone / Ukraina / Francja / Wielka Brytania / Litwa
97%
14 Najczęściej zgadywana flaga Europy w quizie "Flagi Europy" Niemcy / Wielka Brytania / Francja / Hiszpania / Szwecja / Grecja / Norwegia / Portugalia / Finlandia / Rosja / Polska / Włochy / Ukraina
97%
3 Najbardziej wysunięte na północ państwo kończące się na literę Y Chiny / Niemcy
96%
9 Najbiedniejsze państwo w Unii Europejskiej Rumunia / Bułgaria / Polska / Węgry / Słowacja / Litwa / Chorwacja / Estonia
96%
6(remis) Najwięcej obiektów światowego dziedzictwa UNESCO w Europie Włochy / Francja / Niemcy / Hiszpania / Grecja
96%
6 Najbardziej wysunięte na wschód państwo Układu Warszawskiego ZSRR / Rumunia / Bułgaria / Polska / Węgry
96%
4 Najbardziej na północ wysunięte państwo śródlądowe Białoruś / Kazachstan / Mongolia
90%
2 Państwo europejskie z najludniejszą stolicą zaczynająca się na literę P Francja
85%
3 Państwo europejskie z największym wskaźnikiem otyłości Wielka Brytania / Irlandia
84%
Nie znaleziono quizów pasujących do podanych kryteriów
Rozkład punktacji
Procent ludzi z każdym wynikiem
Percentyl według liczby udzielonych odpowiedzi
Twoja historia wyników
Nie rozwiązałeś tego quizu